Turing's world 3.0 for the Macintosh: studies in class formation and action (Record no. 81453)

MARC details
000 -LEADER
fixed length control field 00855nam a2200205 a 4500
008 - FIXED-LENGTH DATA ELEMENTS--GENERAL INFORMATION
fixed length control field 120416s1993 ||||||||||||||||| || u
020 ## - INTERNATIONAL STANDARD BOOK NUMBER
International Standard Book Number 1881526100
050 ## - LIBRARY OF CONGRESS CALL NUMBER
Classification number QA 76 Bar
100 ## - MAIN ENTRY--PERSONAL NAME
Personal name Barwise, Jon
245 10 - TITLE STATEMENT
Title Turing's world 3.0 for the Macintosh: studies in class formation and action
260 ## - PUBLICATION, DISTRIBUTION, ETC.
Place of publication, distribution, etc. Stanford, Cal.
Name of publisher, distributor, etc. CSLI Publications
Date of publication, distribution, etc. 1993
300 ## - PHYSICAL DESCRIPTION
Extent ix, 123p. : ill.
350 ## -
-- 0.00
650 ## - SUBJECT ADDED ENTRY--TOPICAL TERM
Topical term or geographic name entry element TURING MACHINES
650 ## - SUBJECT ADDED ENTRY--TOPICAL TERM
Topical term or geographic name entry element LOGIC, SYMBOLICAL AND MATHEMATICAL
650 ## - SUBJECT ADDED ENTRY--TOPICAL TERM
Topical term or geographic name entry element COMPUTERS
650 ## - SUBJECT ADDED ENTRY--TOPICAL TERM
Topical term or geographic name entry element COMPUTER SCIENCE
995 ## -
-- ANNEX COLLECTION (Main Library)
-- 0.00
-- 727818
-- CBU-MAIN LIBRARY (Kitwe)
-- 1
-- 15.95
-- QA 76 Bar
-- 1
-- AVAILABLE
-- 026062
-- Annex Low-Usage Collection
995 ## -
-- MAIN LIBRARY OPEN ACCESS
-- 0.00
-- 727819
-- CBU-MAIN LIBRARY (Kitwe)
-- 2
-- 15.95
-- QA 76 Bar
-- 2
-- AVAILABLE
-- 026241
-- Main Library Open Access Collection
999 ## -
-- 81453
-- 81453
Holdings
Withdrawn status Lost status Source of classification or shelving scheme Damaged status Not for loan Permanent Location Current Location Shelving location Date acquired Total Checkouts Full call number Barcode Date last seen Copy number Price effective from Koha item type
          CBU-MAIN LIBRARY, KITWE. CBU-MAIN LIBRARY, KITWE.   08/18/2023   QA 76 Bar 026062 08/18/2023 1 08/18/2023 MONOGRAPH
          CBU-MAIN LIBRARY, KITWE. CBU-MAIN LIBRARY, KITWE.   08/18/2023   QA 76 Bar 026241 08/18/2023 2 08/18/2023 MONOGRAPH